-
Levert, Suzanne and Maclain, Gary
Entry Personal Name
Number of records used in: 1
001 - CONTROL NUMBER
003 - CONTROL NUMBER IDENTIFIER
005 - DATE AND TIME OF LATEST TRANSACTION
- control field:
20210809123755.0
008 - FIXED-LENGTH DATA ELEMENTS
- fixed length control field:
210809|| aca||aabn | a|a d
040 ## - CATALOGING SOURCE
- Original cataloging agency:
OSt
- Transcribing agency:
OSt
100 ## - HEADING--PERSONAL NAME
- Personal name:
Levert, Suzanne and Maclain, Gary
670 ## - SOURCE DATA FOUND
- Source citation:
Work cat.: (OSt)4083: Levert, Suzanne and Maclain, Gary, Breaking Bad Habits, 1999